000 00795nam a2200217 a 4500
008 060316s1993 ||||||||||||||||| || u
020 _a0582082390
050 _aKD 22 Bra
100 _aBradley, A. W
245 1 0 _aConstitutional and administrative law. (11th ed.)
_cE. C. S. Wade and A. W. Bradley; 11th ed. by A. W. Bradley (and others)
250 _a11th ed.
260 _aLondon:
_bLongman
_c1993.
300 _axlix, 782 p.
350 _a0.00
650 _aCONSTITUTIONAL LAW--GREAT BRITAIN
650 _aLAW
650 _aADMINISTRATIVE LAW--GREAT BRITAIN
700 _aWade, E. C. S
700 _aEwing, K. D
995 _D0.00
_FCBU-MAIN LIBRARY (Kitwe)
_H1
_I0.00
_M1
_UAVAILABLE
_WMay 2, 2006
_ZAnnex Low-Usage Collection
999 _c38485
_d38485